Normal view
MARC view
Entry Personal Name
001 - CONTROL NUMBER
- control field: 6979
003 - CONTROL NUMBER IDENTIFIER
- control field: OSt
005 - DATE AND TIME OF LATEST TRANSACTION
- control field: 20211028143931.0
008 - FIXED-LENGTH DATA ELEMENTS
- fixed length control field: 211028|| aca||aabn | a|a d
040 ## - CATALOGING SOURCE
- Original cataloging agency: OSt
- Transcribing agency: OSt
100 ## - HEADING--PERSONAL NAME
- Personal name: Kumar M I, Chethan;Shetty, Prathibha.
- Miscellaneous information: 1116032
670 ## - SOURCE DATA FOUND
- Source citation: Work cat.: (OSt): Kumar M I, Chethan;Shetty, Prathibha. 1116032, Customer retention analysis: a casr study with reference to summer sands report Mangalore., 2013